2022-23 NHL Team Point Leaders - Statistics

General Stats
  • This quiz has been taken 81 times
  • The average score is 26 of 32
Answer Stats
Team Player % Correct
Edmonton Oilers Connor McDavid
99%
Boston Bruins David Pastrnak
94%
Toronto Maple Leafs Mitch Marner
94%
Colorado Avalanche Nathan MacKinnon
94%
Pittsburgh Penguins Sidney Crosby
94%
Washington Capitals Alex Ovechkin
93%
New Jersey Devils Jack Hughes
93%
Dallas Stars Jason Robertson
93%
Minnesota Wild Kirill Kaprizov
93%
Anaheim Ducks Trevor Zegras
93%
Montreal Canadiens Nick Suzuki
91%
Tampa Bay Lightning Nikita Kucherov
91%
Buffalo Sabres Tage Thompson
91%
Arizona Coyotes Clayton Keller
90%
Detroit Red Wings Dylan Larkin
90%
Los Angeles Kings Anze Kopitar
88%
New York Rangers Artemi Panarin
88%
Florida Panthers Matthew Tkachuk
87%
Nashville Predators Roman Josi
87%
Vegas Golden Knights Jack Eichel
83%
Winnipeg Jets Kyle Connor
83%
Columbus Blue Jackets Johnny Gaudreau
80%
San Jose Sharks Erik Karlsson
77%
Vancouver Canucks Elias Pettersson
75%
Ottawa Senators Tim Stutzle
71%
Seattle Kraken Jared McCann
67%
St. Louis Blues Jordan Kyrou
67%
Philadelphia Flyers Travis Konecny
67%
New York Islanders Brock Nelson
58%
Carolina Hurricanes Martin Necas
58%
Calgary Flames Tyler Toffoli
46%
Chicago Blackhawks Max Domi
38%
No matching quizzes found
Score Distribution
Percent of People with Each Score
Percentile by Number Answered
Your Score History
You have not taken this quiz